000 00320nam a22001337a 4500
008 170526b xxu||||| |||| 00| 0 eng d
020 _a9780471143260
041 _aeng
080 _a621.3
100 _a25
101 _aIM
245 _aANALYSIS ELECTRIC MACHINERY AND DRIVE SYSTEMS
_cKRAUSE.P.C
942 _2udc
_cBK
999 _c14322
_d14322